საქართველო OK / First for Celebrity News/ 2016, სექტემბერი / 2016 September (Record no. 1892)

000 -LEADER
fixed length control field 00651nam a22002057a 4500
005 - DATE AND TIME OF LATEST TRANSACTION
control field 20210304055613.0
008 - FIXED-LENGTH DATA ELEMENTS--GENERAL INFORMATION
fixed length control field 210304s2016 ||||| |||| 00| 0 geo d
022 ## - INTERNATIONAL STANDARD SERIAL NUMBER
International Standard Serial Number 19876408
040 ## - CATALOGING SOURCE
Original cataloging agency eng
Transcribing agency DLC
041 ## - LANGUAGE CODE
Language code of text/sound track or separate title geo
082 ## - DEWEY DECIMAL CLASSIFICATION NUMBER
Classification number 070
Item number O-39
110 ## - MAIN ENTRY--CORPORATE NAME
9 (RLIN) 1233
Corporate name or jurisdiction name as entry element საქართველო OK
245 ## - TITLE STATEMENT
Title საქართველო OK / First for Celebrity News/ 2016, სექტემბერი / 2016 September
Remainder of title / by: საქართველო OK
260 ## - PUBLICATION, DISTRIBUTION, ETC.
Name of publisher, distributor, etc. საქართველო OK
Date of publication, distribution, etc. 2016
300 ## - PHYSICAL DESCRIPTION
Extent 131 p.
Other physical details ill.
365 ## - TRADE PRICE
Price amount 2 gel
650 #0 - SUBJECT ADDED ENTRY--TOPICAL TERM
9 (RLIN) 1229
Topical term or geographic name entry element Press
653 ## - INDEX TERM--UNCONTROLLED
Uncontrolled term პრესა
942 ## - ADDED ENTRY ELEMENTS (KOHA)
Source of classification or shelving scheme
Koha item type periodicals
Holdings
Withdrawn status Lost status Source of classification or shelving scheme Damaged status Not for loan Permanent location Current location Date acquired Inventory number Total Checkouts Full call number Barcode Date last seen Price effective from Koha item type
          Ken Walker International University Ken Walker International University 03/04/2021 1587   070 O-39 1587 03/04/2021 03/04/2021 periodicals

Powered by Koha